000 00716nam a2200181 a 4500
008 120416s2001 ||||||||||||||||| || u
050 _aCOMESA(02)
110 _aCOMESA
245 1 0 _aReport on the COMESA Regional Conference on Competition Law and Policy
_cby Common Market for Eastern and Southern Africa [COMESA]
246 _aComesa
260 _aKampala, Uganda:
_bCOMESA
_c2001
300 _a[40p.]: ill.
350 _a0.00
362 1 _a<p>2001</p>
650 _aINTERNATIONAL TRADE--COMPETITION LAW AND POLICY
650 _aINTELLECTUAL PROPERTY RIGHTS
995 _D0.00
_FCBU-MAIN LIBRARY (Kitwe)
_H1
_I0.00
_M1
_UAVAILABLE
_ZInternational Publications
999 _c56205
_d56205